000 00518nam a22001937a 4500
999 _c6928
_d6928
003 OSt
005 20210511153544.0
008 210511b ||||| |||| 00| 0 eng d
020 _a8123908563
040 _cDDC
082 _a621.319 MEH 2020
100 _aMehta R.K
_914212
245 _aProblems and Solutions of Electric Circuit Analysis
260 _aNew Delhi:
_bCBS;
_c2020
300 _aix,534p.:
_bill;
_c26cm.
504 _aIncludes index.
650 _aElectric circuit analysis.
_914213
942 _2ddc
_cBOOK